[Event "AUTO-INT-1325"]
[Site "http://www.queenalice.com/game.php?id=595205"]
[Date "2009.5.29"]
[Round "1"]
[White "donnybaby"]
[Black "wgiovanini"]
[Result "1-0"]
[WhiteElo "1888"]
[BlackElo "1431"]

1. e3 e5 2. c3 Nc6 3. b4 Nf6 4. Bb5 d5 5. h3 Bf5 6. Bxc6+ bxc6 7. g4 Be4 8. f3
Bxb1 9. Rxb1 Rb8 10. Ne2 c5 11. a3 a5 12. Qa4+ Qd7 13. b5 Bd6 14. c4 e4 15. Qxa5
exf3 16. Nc3 c6 17. bxc6 Qc8 18. Rxb8 Qxb8 19. Nb5 O-O 20. c7 Bxc7 21. Qxc7 Qe8
22. Qxc5 Ne4 23. Qxd5 f2+ 24. Kf1 Ng3+ 25. Kxf2 Nxh1+ 26. Qxh1 f5 27. Qd5+ Kh8
28. gxf5 g6 29. Bb2+ Rf6 30. Bxf6# 1-0

[Event "AUTO-INT-1325"]
[Site "http://www.queenalice.com/game.php?id=595206"]
[Date "2009.5.29"]
[Round "1"]
[White "wgiovanini"]
[Black "nycka"]
[Result "0-1"]
[WhiteElo "1378"]
[BlackElo "1482"]

1. e4 e5 2. Nf3 Nc6 3. Bc4 Bc5 4. d3 Nf6 5. O-O a6 6. Ng5 d5 7. exd5 Bg4 8. Qe1
Nd4 9. Nxf7 Kxf7 10. f3 Nxf3+ 11. Kh1 Nxe1 12. Rxe1 b5 13. Bg5 Qd6 14. Nc3 bxc4
15. dxc4 Bf5 0-1

[Event "AUTO-INT-1325"]
[Site "http://www.queenalice.com/game.php?id=595207"]
[Date "2009.5.29"]
[Round "1"]
[White "nycka"]
[Black "wgiovanini"]
[Result "1-0"]
[WhiteElo "1499"]
[BlackElo "1378"]

1. e4 e5 2. Nf3 Nc6 3. Bb5 d6 4. d4 exd4 5. Nxd4 Bd7 6. a4 Qf6 7. Nc3 h5 8. Nd5
Qe5 9. O-O Bg4 10. Qd3 Nf6 11. Nxc7+ Ke7 12. Bxc6 Rc8 13. Nd5+ Kd8 14. Bxb7 Rc5
15. Nc6+ Rxc6 16. Bxc6 1-0

[Event "AUTO-OPEN-1572"]
[Site "http://www.queenalice.com/game.php?id=595516"]
[Date "2009.5.29"]
[Round "1"]
[White "Velasquez"]
[Black "wgiovanini"]
[Result "1-0"]
[WhiteElo "1914"]
[BlackElo "1366"]

1. e4 e5 2. Nf3 Nc6 3. Bb5 d6 4. O-O Qf6 5. h3 Qg6 6. Nh4 Qxe4 7. f4 exf4 8. Re1
Nf6 9. Rxe4+ Nxe4 10. Qe2 d5 11. d3 Bd6 12. dxe4 O-O 13. exd5 Ne5 14. Bxf4 f6
15. Bxe5 Bxe5 16. c3 Rd8 17. Nd2 Rxd5 18. Bc4 Be6 19. Bxd5 Bxd5 20. Nf5 Re8 21.
Qb5 Bc6 22. Qc4+ Kh8 23. Qf7 Rg8 24. Ne7 Bd5 25. Qxd5 Re8 26. Qe6 b5 27. Ng6+
hxg6 28. Qxe8+ 1-0

[Event "AUTO-OPEN-1572"]
[Site "http://www.queenalice.com/game.php?id=595517"]
[Date "2009.5.29"]
[Round "1"]
[White "wgiovanini"]
[Black "Velasquez"]
[Result "0-1"]
[WhiteElo "1368"]
[BlackElo "1912"]

1. e4 e6 2. Nf3 c5 3. Nc3 g6 4. Bc4 Bg7 5. d3 Nc6 6. Be3 d6 7. Ng5 h6 8. Nxf7
Kxf7 9. Qf3+ Qf6 10. Nd5 Qxf3 11. gxf3 exd5 12. Bxd5+ Be6 13. Bxe6+ Kxe6 14. f4
Bxb2 15. Rd1 Bc3+ 16. Bd2 Bxd2+ 17. Rxd2 Nd4 18. Kd1 Nf3 19. Re2 Nf6 20. e5 dxe5
21. Re3 Nd4 22. Rxe5+ Kd6 23. c3 Nc6 24. Re3 Ng4 25. Rg3 Nxf2+ 26. Ke1 Nxh1 27.
Rg1 Rae8+ 28. Kf1 Rhf8 0-1

[Event "AUTO-OPEN-1572"]
[Site "http://www.queenalice.com/game.php?id=595560"]
[Date "2009.5.29"]
[Round "1"]
[White "wgiovanini"]
[Black "fosdunc"]
[Result "0-1"]
[WhiteElo "1458"]
[BlackElo "2233"]

1. e4 e6 2. Nc3 b6 3. Nf3 Bb7 4. Bc4 g6 5. d4 h6 6. Bf4 Bg7 7. O-O a6 8. Qd3 Ne7
9. Rae1 d6 10. a4 O-O 11. b4 Nd7 12. g3 g5 13. Bxg5 hxg5 14. Nxg5 Nc6 15. d5
Nxb4 16. Qd2 exd5 17. Bxd5 Bxc3 18. Qxc3 Nxd5 19. exd5 Qxg5 20. h4 Qxd5 21. f3
Ne5 22. Kg2 Rae8 23. Qxc7 Qd2+ 24. Kg1 Nxf3+ 25. Rxf3 Rxe1+ 26. Rf1 Qg2# 0-1

[Event "AUTO-OPEN-1572"]
[Site "http://www.queenalice.com/game.php?id=595561"]
[Date "2009.5.29"]
[Round "1"]
[White "fosdunc"]
[Black "wgiovanini"]
[Result "1-0"]
[WhiteElo "2242"]
[BlackElo "1454"]

1. e4 e5 2. Nf3 Nc6 3. d4 d6 4. Bc4 Be6 5. d5 Nb4 6. dxe6 fxe6 7. Bxe6 Qe7 8.
Bb3 O-O-O 9. O-O Nf6 10. Ng5 d5 11. a3 h6 12. axb4 hxg5 13. exd5 Rh5 14. Rxa7
Qd6 15. Nc3 e4 16. g3 Qxb4 17. Ra4 Qd6 18. Nxe4 Nxe4 19. Qxh5 Nc3 20. bxc3 c6
21. Ra8+ Kc7 22. Rxd8 Qxd8 23. Qf7+ Be7 24. Bxg5 Qd7 25. Bxe7 Kc8 26. dxc6 bxc6
27. Be6 g5 28. Qe8+ Kc7 29. Qxd7+ Kb6 30. Rb1+ Ka6 31. Qxc6+ Ka5 32. Bd8# 1-0

[Event "AUTO-OPEN-1573"]
[Site "http://www.queenalice.com/game.php?id=595829"]
[Date "2009.5.30"]
[Round "1"]
[White "fugazeton2"]
[Black "wgiovanini"]
[Result "0-1"]
[WhiteElo "1301"]
[BlackElo "1352"]

1. c4 e5 2. Nc3 Nf6 3. e4 Nc6 4. d3 Bc5 5. h3 d6 6. Nf3 Be6 7. Ng5 h6 8. Nf3 Bd4
9. Nb5 a6 10. Nbxd4 exd4 11. Nd2 d5 12. cxd5 Bxd5 13. exd5 Nxd5 14. Be2 Qe7 15.
O-O Nf4 16. Bf3 Ne5 17. Bxb7 Rd8 18. Nb3 h5 19. Bxf4 Ng4 20. Re1 Ne3 21. fxe3
Kf8 22. exd4 Qf6 23. Rf1 Qe6 0-1

[Event "AUTO-OPEN-1573"]
[Site "http://www.queenalice.com/game.php?id=595830"]
[Date "2009.5.30"]
[Round "1"]
[White "wgiovanini"]
[Black "fugazeton2"]
[Result "1-0"]
[WhiteElo "1366"]
[BlackElo "1287"]

1. e4 c5 2. Nf3 e6 3. Bc4 a6 4. d3 b5 5. Ne5 bxc4 6. Nxc4 Bb7 7. Bf4 Nf6 8. e5
Nd5 9. Qg4 f6 10. Nc3 Nxc3 11. bxc3 f5 12. Qh5+ g6 13. Qg5 Qxg5 14. Bxg5 Bd5 15.
Nb6 Ra7 16. c4 Bxg2 17. Rg1 Bb7 18. c3 Be7 19. Bxe7 Kxe7 20. Rg5 Nc6 21. h4 1-0

[Event "AUTO-OPEN-1573"]
[Site "http://www.queenalice.com/game.php?id=595849"]
[Date "2009.5.30"]
[Round "1"]
[White "Undertaker"]
[Black "wgiovanini"]
[Result "1-0"]
[WhiteElo "2050"]
[BlackElo "1374"]

1. e4 e5 2. Nf3 Nc6 3. Bc4 d6 4. h3 Be6 5. Bxe6 fxe6 6. d3 Qf6 7. Nc3 O-O-O 8.
Na4 d5 9. Bg5 Qg6 10. Bxd8 Nxd8 11. Nxe5 Qxg2 12. Qf3 Bb4+ 13. c3 Qxf3 14. Nxf3
Bd6 15. e5 Be7 16. Rg1 g6 17. Rc1 Nh6 18. c4 Nc6 19. cxd5 exd5 20. e6 Re8 21.
Nc3 Bb4 22. Ng5 Nf5 23. a3 h6 24. Nf3 Rxe6+ 25. Kf1 Bc5 26. Nxd5 b6 27. b4 Ne5
28. Nxe5 1-0

[Event "AUTO-OPEN-1573"]
[Site "http://www.queenalice.com/game.php?id=595850"]
[Date "2009.5.30"]
[Round "1"]
[White "wgiovanini"]
[Black "Undertaker"]
[Result "0-1"]
[WhiteElo "1417"]
[BlackElo "2043"]

1. e4 e5 2. Nf3 Nc6 3. Nc3 Bc5 4. Bc4 Nf6 5. d3 h6 6. Nh4 d6 7. Qf3 Nd4 8. Qg3
Nh5 9. Qe3 Nxc2+ 10. Kd2 Nxe3 11. fxe3 Qxh4 12. Nd5 Bb6 13. g3 Nxg3 14. Rg1
Qxh2+ 15. Kc3 Ne2+ 16. Kd2 Nxg1+ 17. Kc3 c5 18. Bb5+ Bd7 19. Nc7+ Bxc7 20. a4
Kd8 21. Bxd7 Kxd7 22. b3 Ba5+ 23. b4 Bxb4+ 24. Kb3 Qe2 25. Ra2 Qxd3+ 26. Kb2
Bc3+ 27. Ka3 Bd4# 0-1

[Event "AUTO-OPEN-1573"]
[Site "http://www.queenalice.com/game.php?id=595859"]
[Date "2009.5.30"]
[Round "1"]
[White "Mikhail_Sanderov"]
[Black "wgiovanini"]
[Result "1-0"]
[WhiteElo "1732"]
[BlackElo "1429"]

1. c4 e5 2. Nc3 Nc6 3. Nf3 d6 4. g3 Nf6 5. Bg2 e4 6. Ng5 Bf5 7. Ngxe4 Nxe4 8.
Nxe4 Bxe4 9. Bxe4 Qf6 10. O-O h5 11. Qa4 O-O-O 12. Bxc6 bxc6 13. Qxc6 h4 14. Rb1
hxg3 15. fxg3 g5 16. Rxf6 Rh7 17. Qa8+ Kd7 18. Qxa7 Be7 19. Qa4+ c6 20. Qa7+ Ke8
21. Rf3 g4 22. Rb3 f5 23. Rb8 Rxb8 24. Qxb8+ Bd8 25. Qxd6 Re7 26. Qxc6+ Kf8 27.
d4 Rc7 28. Bh6+ Ke7 29. Bg5+ Kf8 30. Qd6+ Re7 31. Qxd8+ Kf7 32. Qxe7+ Kg8 33.
Bh6 f4 34. Qg7# 1-0

[Event "AUTO-OPEN-1573"]
[Site "http://www.queenalice.com/game.php?id=595860"]
[Date "2009.5.30"]
[Round "1"]
[White "wgiovanini"]
[Black "Mikhail_Sanderov"]
[Result "0-1"]
[WhiteElo "1400"]
[BlackElo "1873"]

1. e4 e6 2. Nf3 c5 3. Bc4 Be7 4. Nc3 Nf6 5. d4 cxd4 6. Qxd4 Nc6 7. Qe3 O-O 8. e5
Ng4 9. Qf4 f5 10. O-O d6 11. exd6 Bxd6 12. Qg5 Qc7 13. Nd5 exd5 14. Bxd5+ Kh8
15. Bd2 Nxh2 16. Rfe1 Nxf3+ 17. Bxf3 Nd4 18. Bc3 Nxf3+ 19. gxf3 Bf4 20. Qh4 Bd7
21. Kg2 Qd6 22. Rad1 Qg6+ 23. Kf1 Bb5+ 24. Rd3 Bg5 25. Qb4 Bxd3+ 26. cxd3 b6 27.
f4 Bf6 28. Be5 Bh4 29. Bxg7+ Kxg7 30. a4 Rac8 31. a5 Rc2 32. Qd4+ Kh6 33. Re2
Rxe2 34. Kxe2 Re8+ 35. Kd2 Qc6 36. b4 Bf6 37. Qe3 Qc3+ 38. Ke2 Rxe3+ 0-1

[Event "AUTO-INT-1327"]
[Site "http://www.queenalice.com/game.php?id=595885"]
[Date "2009.5.30"]
[Round "1"]
[White "ciceroeduardo"]
[Black "wgiovanini"]
[Result "0-1"]
[WhiteElo "1327"]
[BlackElo "1379"]

1. e4 e5 2. Nf3 Nc6 3. Nc3 Nf6 4. Bb5 Bc5 5. Bxc6 dxc6 6. O-O Bg4 7. d3 O-O 8.
Be3 Bxe3 9. fxe3 c5 10. Qd2 c4 11. d4 Bxf3 12. Rxf3 b5 13. b4 a5 14. Nxb5 Nxe4
15. Qe2 Qd5 16. Nxc7 Nc3 17. Qe1 Qe4 18. Nxa8 Rxa8 19. Qxc3 Rc8 20. bxa5 exd4
21. exd4 Rd8 22. Rd1 Qe2 23. Re1 Qxe1+ 24. Qxe1 Ra8 25. Re3 Kf8 26. Qb4+ Kg8 0-1

[Event "AUTO-INT-1327"]
[Site "http://www.queenalice.com/game.php?id=595886"]
[Date "2009.5.30"]
[Round "1"]
[White "wgiovanini"]
[Black "ciceroeduardo"]
[Result "1-0"]
[WhiteElo "1393"]
[BlackElo "1313"]

1. e4 e5 2. Nf3 Nc6 3. Nc3 Nf6 4. Bc4 Bc5 5. O-O O-O 6. b3 d6 7. d3 Nd4 8. Nxd4
Bxd4 9. Bb2 c6 10. a4 Be6 11. Bxe6 fxe6 12. Qc1 d5 13. Ne2 Bxb2 14. Qxb2 d4 15.
c3 c5 16. a5 Ng4 17. a6 Qh4 18. h3 Nxf2 19. axb7 Nxh3+ 20. gxh3 Qg5+ 21. Kh1 Qe3
22. bxa8=Q Rxa8 23. Kh2 Qxd3 24. cxd4 exd4 25. b4 Qxe4 26. bxc5 1-0

[Event "AUTO-INT-1327"]
[Site "http://www.queenalice.com/game.php?id=595897"]
[Date "2009.5.30"]
[Round "1"]
[White "JMendes"]
[Black "wgiovanini"]
[Result "0-1"]
[WhiteElo "1611"]
[BlackElo "1458"]

1. d4 Nf6 2. Nf3 d5 3. e3 Bg4 4. Be2 Nc6 5. O-O Qd6 6. Nc3 e5 7. Nxe5 Nxe5 8.
dxe5 Qxe5 9. Bxg4 h5 10. Bf3 Bb4 11. Bd2 O-O-O 12. a3 Ng4 13. Bxg4+ hxg4 14.
Qxg4+ f5 15. Qxb4 d4 16. Nb5 Qxh2# 0-1

[Event "AUTO-INT-1327"]
[Site "http://www.queenalice.com/game.php?id=595898"]
[Date "2009.5.30"]
[Round "1"]
[White "wgiovanini"]
[Black "JMendes"]
[Result "0-1"]
[WhiteElo "1442"]
[BlackElo "1567"]

1. e4 e5 2. Nf3 d6 3. Nc3 Nf6 4. Bc4 Be7 5. d3 O-O 6. Bg5 c6 7. O-O Be6 8. Bxe6
fxe6 9. a4 Nfd7 10. a5 Bxg5 11. h4 Bxh4 12. b4 Na6 13. d4 Nxb4 14. Rb1 exd4 15.
Nxd4 Qxa5 16. Nxe6 Rf6 17. Qg4 g5 18. Rbd1 Ne5 19. Qh3 Nxc2 20. g3 Qxc3 21. Rxd6
Bxg3 22. Rd8+ Rxd8 23. Nxg5 Bxf2+ 24. Kg2 Qxh3+ 25. Kxh3 Ne3 26. Rh1 h6 27. Nf3
Rxf3+ 28. Kh2 N5g4# 0-1

[Event "AUTO-INT-1327"]
[Site "http://www.queenalice.com/game.php?id=595903"]
[Date "2009.5.30"]
[Round "1"]
[White "Mikhail_Sanderov"]
[Black "wgiovanini"]
[Result "1-0"]
[WhiteElo "1875"]
[BlackElo "1398"]

1. e4 e5 2. Nf3 Nc6 3. Bc4 d6 4. d4 Bg4 5. dxe5 Nxe5 6. Be2 Nf6 7. Nxe5 dxe5 8.
Bxg4 h5 9. Qxd8+ Rxd8 10. Bf3 Bc5 11. Nc3 h4 12. Bg5 Rd7 13. Bxf6 gxf6 14. O-O
Rg8 15. h3 Rd2 16. Nd5 Kd8 17. Nxf6 Rg6 18. Nd5 Rg3 19. b4 Bd4 20. c4 Bxa1 21.
fxg3 Rxa2 22. gxh4 c6 23. Nf6 Bd4+ 24. Kh2 c5 25. bxc5 Bxc5 26. Rd1+ Bd4 27. h5
Ke7 28. Nd5+ Ke8 29. h6 Kf8 30. Nf6 Ra6 31. Nh7+ Kg8 32. Ng5 Rxh6 33. Rb1 b6 34.
Ra1 Bxa1 35. Bg4 Rc6 36. Be2 Rd6 37. Bg4 Rd4 38. Be2 1-0

[Event "AUTO-INT-1327"]
[Site "http://www.queenalice.com/game.php?id=595904"]
[Date "2009.5.30"]
[Round "1"]
[White "wgiovanini"]
[Black "Mikhail_Sanderov"]
[Result "0-1"]
[WhiteElo "1464"]
[BlackElo "1722"]

1. e4 c6 2. d4 d5 3. Nc3 dxe4 4. Nxe4 Bf5 5. Bd3 Qxd4 6. Nf3 Qd8 7. Neg5 Bxd3 8.
cxd3 Nf6 9. Ne5 Qd5 10. Ngxf7 Qxg2 11. Ke2 Qd5 12. Nxh8 Qxe5+ 13. Be3 Qxb2+ 14.
Bd2 Nd5 15. Rb1 Nc3+ 16. Kf1 Nxb1 17. Qh5+ g6 18. Qxh7 Nxd2+ 19. Kg2 Qxa2 20. d4
Qd5+ 21. f3 Qxf3+ 22. Kg1 Qf1# 0-1

[Event "Challenge"]
[Site "http://www.queenalice.com/game.php?id=596932"]
[Date "2009.6.1"]
[Round "-"]
[White "wgiovanini"]
[Black "jpcamilo"]
[Result "0-1"]
[WhiteElo "1364"]
[BlackElo "1457"]

1. e4 e5 2. Nf3 Nc6 3. Nc3 Nf6 4. Bc4 h6 5. d3 Bc5 6. O-O Ng4 7. d4 exd4 8. Nd5
Nce5 9. Nxe5 Nxe5 10. Bf4 d6 11. Bxe5 dxe5 12. b4 Bd6 13. Qe1 c6 14. Rd1 cxd5
15. Bxd5 O-O 16. a4 Bg4 17. f3 Be6 18. Bxe6 fxe6 19. a5 Qc7 20. Qe2 Bxb4 21. a6
bxa6 22. Qxa6 Qxc2 23. Qxe6+ Kh7 24. Qxe5 g6 25. Rxd4 Rab8 26. Rxb4 Rxb4 27.
Qe7+ Kg8 28. Qxb4 Qe2 29. Qb3+ Kg7 30. Qb7+ Rf7 31. Qd5 Qe3+ 32. Rf2 Rc7 33.
Qe5+ Kh7 34. Qxc7+ Kg8 35. e5 Qe1+ 0-1